| 000 | 00898cas a2200241 a 4500 | ||
|---|---|---|---|
| 005 | 20170428161010.0 | ||
| 008 | 920331c19929999enkmr p 0 0eng c | ||
| 022 | _a0960-3115 | ||
| 040 |
_aNSD _cNSD _dHUL _dCAS _dNSD _dNST _dWAU _dIUL _dDLC _dAGL _dCOO _dDLC _dBSS _dAGL _dIUL _dEYM _dOCL _dGUA _dOCL _dCUS _dSYS _dDLC _dAGL _dNLM _dOCLCQ _dDLC _dOCLCQ _dGUA _dDLC _dOCLCQ _dHEBIS _dGBVCP _dUKMGB _dOCLCQ _dOCLCF _dOCLCO _dCO-BoIAVH |
||
| 041 | 0 | _aeng | |
| 044 | _aenk | ||
| 090 | _aSE | ||
| 245 | 0 | 0 | _aBiodiversity and conservation |
| 260 |
_aLondon : _bKluwer Academic Publishers, _cc1992-. |
||
| 300 |
_bilustraciones ; _c25 x 16 cm. |
||
| 310 | _b<2002-> | ||
| 321 | _b1994- | ||
| 321 | _b1992-1993 | ||
| 500 | _aTítulo de la portada. | ||
| 650 | 2 | 6 |
_aConservación de la diversidad biológica _vPublicaciones periódicas |
| 650 | 2 | 6 |
_aBiodiversidad _vPublicaciones periódicas |
| 942 |
_2z _cREVISTA _s1 |
||
| 999 |
_c16712 _d16712 |
||